Routledge encyclopedia of translation studies
Guardat en:
| Autors principals: | , |
|---|---|
| Format: | Llibre |
| Idioma: | anglès |
| Publicat: |
Londres
Routledge
2011
|
| Edició: | 2a. ed |
| Matèries: | |
| Etiquetes: |
Afegir etiqueta
Sense etiquetes, Sigues el primer a etiquetar aquest registre!
|
MARC
| LEADER | 00000cam a2200000 a 4500 | ||
|---|---|---|---|
| 001 | UCC7314 | ||
| 003 | CL-VaPUC | ||
| 008 | 190322e20110000uk |||||||||||||||||eng|d | ||
| 020 | |a 9780415609845 | ||
| 082 | 0 | 4 | |a 418.0203 |b BAK |2 21 |
| 100 | 0 | |a Baker, Mona |e author |9 601865 | |
| 700 | 0 | |a Saldanha, Gabriela |e author |9 601866 | |
| 245 | 1 | 0 | |a Routledge encyclopedia of translation studies |
| 250 | |a 2a. ed | ||
| 300 | |a 674 p | ||
| 942 | |c BK | ||
| 945 | |d 20190322 14:57:00 |a dcastane | ||
| 260 | |a Londres |b Routledge |c 2011 | ||
| 650 | 0 | |a Diccionarios |9 256200 | |
| 650 | 0 | |a Traducción e interpretación |9 315998 | |
| 583 | |a last modification |c 20190322 14:57:00 |k Rodrigo Vera | ||
| 999 | |c 373984 |d 373982 | ||
| 952 | |0 0 |1 0 |3 erb |4 0 |6 418_020300000000000_BAK_2011 |7 0 |8 A |9 492324 |a BIBEDU |b BIBEDU |i 5537614 |o 418.0203 BAK 2011 |p 5537614 |r 2019-11-24 |w 2019-11-24 |y BK |z Catalogado en:20190322 |k CIT | ||